Leader xxxxxxxxxx
001 __ PCLIS00048246
005 __ 20101213160653.0008
010 0_ |a9789576394898|b平裝|dNT$280
020 __ |atw|b98018824
042 __ |anbic
050 __ |a002185901
100 __ |a20091106d2009 m y0chib50 e
101 0_ |achi
102 __ |atw
105 __ |ao z 000cd
200 1_ |a從你美麗的流域|e|f張曉風著
205 __ |a初版
210 __ |a臺北市|c爾雅|d民98.11
215 0_ |a284面|c|d21公分
225 1_ |a爾雅叢書|v228
300 __ |a
606 __ |2csh|a中國散文
681 __ |a855|b8765-24|y98
700 _1 |a張|b曉風|4
702 __ |a|b|4
801 _0 |atw|bCIP|c20091009|gCCR
801 _1 |atw|bCIP|c20091009|gCCR
801 _2 |atw|b國圖|c20101213|gCCR
|